CMB polarization : systematics and foregrounds /
Saved in:
| 主要作者: | |
|---|---|
| 格式: | Thesis 图书 |
| 语言: | English |
| 出版: |
2005.
|
| 主题: | |
| 标签: |
添加标签
没有标签, 成为第一个标记此记录!
|
| LEADER | 00798cam a2200241 a 4500 | ||
|---|---|---|---|
| 001 | u718967 | ||
| 003 | SIRSI | ||
| 008 | 970625s2005 us v 000 0 eng m | ||
| 040 | |a UMM | ||
| 090 | |a QB991 |b C64Zamza | ||
| 100 | 0 | |a Zamri Zainal Abidin. | |
| 245 | 1 | 0 | |a CMB polarization : |b systematics and foregrounds / |c Zamri Zainal Abidin. |
| 246 | 3 | |a Cosmic background polarization | |
| 260 | |c 2005. | ||
| 300 | |a 182 leaves : |b ill. ; |c 30 cm. | ||
| 502 | |a Thesis (Ph.D.) -- University of Manchester, 2005. | ||
| 504 | |a Bibliography: leaves 176-182 | ||
| 650 | 0 | |a Cosmic background radiation. | |
| 650 | 0 | |a Polarization (Light) | |
| 710 | 2 | 0 | |a University of Manchester. |
| 596 | |a 1 | ||
| 900 | |a SK | ||
| 999 | |a QB991 C64 ZAMZA |w LC |c 1 |i A502730138 |d 24/8/2007 |f 24/8/2007 |g 1 |l STACKS |m P01UTAMA |r Y |s Y |t TESIS |u 23/8/2007 | ||
